<?xml version="1.0" encoding="UTF-8"?>
<record
    xmlns:xsi="http://www.w3.org/2001/XMLSchema-instance"
    xsi:schemaLocation="http://www.loc.gov/MARC21/slim http://www.loc.gov/standards/marcxml/schema/MARC21slim.xsd"
    xmlns="http://www.loc.gov/MARC21/slim">

  <leader>00471nam a22001577a 4500</leader>
  <controlfield tag="003">OSt</controlfield>
  <controlfield tag="005">20151118091339.0</controlfield>
  <controlfield tag="008">151118b        xxu||||| |||| 00| 0 eng d</controlfield>
  <datafield tag="040" ind1=" " ind2=" ">
    <subfield code="c">RUA </subfield>
  </datafield>
  <datafield tag="082" ind1=" " ind2=" ">
    <subfield code="a">FIS &#x1791;&#x17B9;&#x1798; 1993 B153 Or.1</subfield>
  </datafield>
  <datafield tag="100" ind1=" " ind2=" ">
    <subfield code="9">3831</subfield>
    <subfield code="a">&#x1791;&#x17B9;&#x1798; &#x179F;&#x17B6;&#x179A;&#x17C9;&#x17B6;&#x178F;</subfield>
  </datafield>
  <datafield tag="245" ind1=" " ind2=" ">
    <subfield code="a">&#x1780;&#x17B6;&#x179A;&#x1780;&#x17C2;&#x1785;&#x17D2;&#x1793;&#x17C3;&#x1794;&#x17D2;&#x179A;&#x17A0;&#x17BB;&#x1780; &#x1793;&#x17C5;&#x1781;&#x17C1;&#x178F;&#x17D2;&#x178F;&#x179F;&#x17C0;&#x1798;&#x179A;&#x17B6;&#x1794;,</subfield>
  </datafield>
  <datafield tag="260" ind1=" " ind2=" ">
    <subfield code="a">Phnom Penh </subfield>
    <subfield code="b">RUA </subfield>
    <subfield code="c">1993</subfield>
  </datafield>
  <datafield tag="300" ind1=" " ind2=" ">
    <subfield code="a">100p.</subfield>
    <subfield code="b">ill.</subfield>
    <subfield code="c">29cm.</subfield>
  </datafield>
  <datafield tag="942" ind1=" " ind2=" ">
    <subfield code="2">ddc</subfield>
    <subfield code="c">FIS</subfield>
  </datafield>
  <datafield tag="999" ind1=" " ind2=" ">
    <subfield code="c">3563</subfield>
    <subfield code="d">3563</subfield>
  </datafield>
  <datafield tag="952" ind1=" " ind2=" ">
    <subfield code="0">0</subfield>
    <subfield code="1">0</subfield>
    <subfield code="2">ddc</subfield>
    <subfield code="4">0</subfield>
    <subfield code="6">FIS_&#x1791;&#x17B9;&#x1798;_1993_000000000000000_B153_OR_1</subfield>
    <subfield code="7">0</subfield>
    <subfield code="9">17215</subfield>
    <subfield code="a">LBB</subfield>
    <subfield code="b">LBB</subfield>
    <subfield code="c">B153</subfield>
    <subfield code="d">2015-11-18</subfield>
    <subfield code="l">1</subfield>
    <subfield code="m">1</subfield>
    <subfield code="o">FIS &#x1791;&#x17B9;&#x1798; 1993 B153 Or.1</subfield>
    <subfield code="p">RUA020881</subfield>
    <subfield code="r">2018-07-25</subfield>
    <subfield code="s">2018-06-26</subfield>
    <subfield code="w">2015-11-18</subfield>
    <subfield code="y">FIS</subfield>
  </datafield>
  <datafield tag="952" ind1=" " ind2=" ">
    <subfield code="0">0</subfield>
    <subfield code="1">0</subfield>
    <subfield code="2">ddc</subfield>
    <subfield code="4">0</subfield>
    <subfield code="6">FIS_&#x1791;&#x17B9;&#x1798;_1993_000000000000000_B153_OR_2</subfield>
    <subfield code="7">0</subfield>
    <subfield code="9">17216</subfield>
    <subfield code="a">LBB</subfield>
    <subfield code="b">LBB</subfield>
    <subfield code="c">B153</subfield>
    <subfield code="d">2015-11-18</subfield>
    <subfield code="l">1</subfield>
    <subfield code="o">FIS &#x1791;&#x17B9;&#x1798; 1993 B153 Or.2</subfield>
    <subfield code="p">RUA020690</subfield>
    <subfield code="r">2016-06-11</subfield>
    <subfield code="s">2016-05-02</subfield>
    <subfield code="w">2015-11-18</subfield>
    <subfield code="y">FIS</subfield>
  </datafield>
  <datafield tag="952" ind1=" " ind2=" ">
    <subfield code="0">0</subfield>
    <subfield code="1">0</subfield>
    <subfield code="2">ddc</subfield>
    <subfield code="4">0</subfield>
    <subfield code="6">FIS_&#x1791;&#x17B9;&#x1798;_1993_000000000000000_B153_OR_3</subfield>
    <subfield code="7">0</subfield>
    <subfield code="9">17217</subfield>
    <subfield code="a">LBB</subfield>
    <subfield code="b">LBB</subfield>
    <subfield code="c">B153</subfield>
    <subfield code="d">2015-11-18</subfield>
    <subfield code="o">FIS &#x1791;&#x17B9;&#x1798; 1993 B153 Or.3</subfield>
    <subfield code="p">RUA020474</subfield>
    <subfield code="r">2015-11-18</subfield>
    <subfield code="w">2015-11-18</subfield>
    <subfield code="y">FIS</subfield>
  </datafield>
  <datafield tag="952" ind1=" " ind2=" ">
    <subfield code="0">0</subfield>
    <subfield code="1">0</subfield>
    <subfield code="2">ddc</subfield>
    <subfield code="4">0</subfield>
    <subfield code="6">FIS_&#x1791;&#x17B9;&#x1798;_1993_000000000000000_B153_OR_4</subfield>
    <subfield code="7">0</subfield>
    <subfield code="9">17218</subfield>
    <subfield code="a">LBB</subfield>
    <subfield code="b">LBB</subfield>
    <subfield code="c">B153</subfield>
    <subfield code="d">2015-11-18</subfield>
    <subfield code="l">1</subfield>
    <subfield code="o">FIS &#x1791;&#x17B9;&#x1798; 1993 B153 Or.4</subfield>
    <subfield code="p">RUA020472</subfield>
    <subfield code="r">2019-01-25</subfield>
    <subfield code="s">2019-01-21</subfield>
    <subfield code="w">2015-11-18</subfield>
    <subfield code="y">FIS</subfield>
  </datafield>
  <datafield tag="952" ind1=" " ind2=" ">
    <subfield code="0">0</subfield>
    <subfield code="1">0</subfield>
    <subfield code="2">ddc</subfield>
    <subfield code="4">0</subfield>
    <subfield code="6">FIS_&#x1791;&#x17B9;&#x1798;_1993_000000000000000_B153_OR_5</subfield>
    <subfield code="7">0</subfield>
    <subfield code="9">17219</subfield>
    <subfield code="a">LBB</subfield>
    <subfield code="b">LBB</subfield>
    <subfield code="c">B153</subfield>
    <subfield code="d">2015-11-18</subfield>
    <subfield code="l">5</subfield>
    <subfield code="o">FIS &#x1791;&#x17B9;&#x1798; 1993 B153 Or.5</subfield>
    <subfield code="p">RUA020391</subfield>
    <subfield code="r">2018-12-21</subfield>
    <subfield code="s">2018-12-12</subfield>
    <subfield code="w">2015-11-18</subfield>
    <subfield code="y">FIS</subfield>
  </datafield>
</record>
